Meilleurs sons de Central Cee - Statistiques

Statistiques générales
  • Ce quiz a été pris 348 fois
    183 depuis la dernière actualisation
  • Le résultat moyen est 7 sur 15
Statistiques - réponses
Rang Titres Streams % Correct
2 Doja 728,3M
85%
1 Sprinter (ft. Dave) 764,6M
82%
4 Loading 371,0M
68%
6 BAND4BAND (ft. Lil Baby) 293,8M
67%
8 Day in the Life 222,1M
53%
3 LET GO 438,9M
50%
5 Obsessed With You 352,9M
48%
14 Did It First (ft. Ice Spice) 105,8M
43%
11 6 For 6 134,6M
38%
9 Commitment Issues 206,3M
38%
12 UK Rap (ft. Dave) 122,5M
34%
13 Eurovision (ft. Rondodasosa, Freeze Corleone, Baby Gang, A2 Anti, Morad, Beny Jr, ASHE 22) 110,4M
32%
7 Overseas (ft. D-Block Europe) 232,2M
31%
15 On The Radar Freestyle (ft. Drake) 93,3M
7%
10 TOO MUCH (ft. The Kid LAROI, Jung Kook) 151,2M
7%
Aucun quiz correspondant
Distribution des résultats
% des personnes avec chaque résultat
Percentile par nombre de réponses
Votre historique - résultats
Vous n’avez pas pris ce quiz depuis la dernière actualisation